LEADER 00964nas a2200253 i 4500 001 000000155130 003 CaOOAMICUS 005 20070201000000.0 008 061102b2006 ne uu u0 0mul r 013 $a132479 040 $aSeMil$bita 245 10$a[2006 : 3]. 260 $aLeiden ; Boston :$bBrill,$ccopyr. 2006. 300 $aP. [251]-404 :$b[11] p. di tav. ;$c24 cm. 500 $aArticoli con sintesi in inglese [Summary] in testa. 700 1 $aThomassen, Einar.$0(OLS)http://semarc/name/42333 700 1 $aBenavides, Gustavo.$0(OLS)http://semarc/name/42332 773 0 $tNumen.$dLeiden : E. J. Brill, 1954.$x0029-5973$w()2539 774 0 $t[vedi periodico].$w()265268 850 $aSeMil 852 $aSeMil$W1$xVenegono$y1$m181 5 58$j106981$B106981$CSeMilBibl$Z2$F119501 $85 961 $aAbbonamento: Brill 996 $6245$a[2006 : 3]$9(OLS)http://semarc/title/227170 996 $6260$aLeiden ; Boston :$bBrill$9(OLS)http://semarc/publisher/39473 LEADER 01163nam a2200229 i 4500 001 000000134987 003 CaOOAMICUS 005 20161202000000.0 008 161202s1861 it u000 u ita u 013 $a108278 040 $aSeMil$bita 100 1 $aBassi, Ugo <1801-1849>.$0(OLS)http://semarc/name/55167 245 10$aMemorie /$cdi Ugo Bassi ; compilate da L. Gualtieri ; coll'aggiunta di lettere e di preziosi documenti relativi alla vita e morte del Martire non che ai principali avvenimenti politici del 1848 ; con ritratto inciso in rame da L. Paradisi. 260 $aBologna :$bTipografia di Giacomo Monti al Sole,$c1861. 300 $a194 p. ;$c22 cm. 650 4$aMartiri cristiani.$0(OLS)http://semarc/subject/1590 650 4$aBassi, Ugo - Diari e memorie.$0(OLS)http://semarc/subject/26582 700 1 $aGualtieri, Luigi <1827-1901>.$0(OLS)http://semarc/name/11334 850 $aSeMil 852 $aSeMil$W1$xVenegono$y1$m3N IV 9 FA$j88686$B88686$CSeMilBibl$Z2$F214830 $8I 996 $6245$aMemorie$9(OLS)http://semarc/title/24579 996 $6260$aBologna :$bTipografia di Giacomo Monti al Sole$9(OLS)http://semarc/publisher/46865 LEADER 01647nam a2200241 i 4500 001 000000005522 003 CaOOAMICUS 005 20240131144400.0 008 180830s1750 fr u000 u fre u 040 $aSeMil$bita 100 1 $aMontesquieu, Charles de Secondat,$c.$0(OLS)http://semarc/name/3038 245 13$aDe l'esprit des loix, ou Du rapport que les loix doivent avoir avec la constitution de chaque gouvernement, les moeurs, le climat, la religion, le commerce, &c. A quoi l'auteur a ajoûté des recherches nouvelles sur les loix romaines touchant les successions, sur les loix françoises, & sur les loix féodales. Tome 1. [-3.]. 250 $aNouvelle edition, corrigée par l'auteur, & augmentée d'une table des matieres, & d'une carte géographique, .. 260 $aA Geneve :$bChez Barrillot & fils,$c1750. 300 $a3 v. ;$c12°. 700 1 $aBarillot, Jacques François,$c.$0(OLS)http://semarc/name/3110 700 1 $aBarillot, Jacques,$c.$0(OLS)http://semarc/name/3111 774 0 $tTome 1.$g1$w()69508 774 0 $tTome 2.$g2$w()223253 774 0 $tTome 3.$g3$w()223256 996 $6245$aDe l'esprit des loix, ou Du rapport que les loix doivent avoir avec la constitution de chaque gouvernement, les moeurs, le climat, la religion, le commerce, &c. A quoi l'auteur a ajoûté des recherches nouvelles sur les loix romaines touchant les successions, sur les loix françoises, & sur les loix féodales. Tome 1. [-3.]$9(OLS)http://semarc/title/7718 996 $6260$aA Geneve :$bChez Barrillot & fils$9(OLS)http://semarc/publisher/31523 LEADER 01216nam a2200241 i 4500 001 000000195431 003 CaOOAMICUS 005 20160607000000.0 008 160607s1984 it u000 u mul u 013 $a174104 040 $aSeMil$bita 100 1 $aBattisti, Eugenio <1924-1989>.$0(OLS)http://semarc/name/89766 245 13$aLe macchine cifrate di Giovanni Fontana /$cEugenio Battisti, Giuseppa Saccaro Battisti. 260 $a[S.l.] :$bArcadia,$c1984. 300 $a167 p. :$bill. ;$c31 cm. 500 $aIn calce al front. : con la riproduzione del Cod. Icon. 242 della Bayerische Staatbibliothek di Monaco di Baviera e la decrittazione di esso e del Cod. lat. nouv. acq. 635 della Bibliothèque nationale di Parigi. 650 4$aFontana, Giovanni <1390-1454?>.$0(OLS)http://semarc/subject/36720 700 1 $aSaccaro Battisti, Giuseppa.$0(OLS)http://semarc/name/70935 850 $aSeMil 852 $aSeMil$W1$xVenegono$y1$m3X VI 28$j146000$B146000$CSeMilBibl$Z2$F211875 $81 961 $aOmaggio: Grampa dott. Cesare 996 $6245$aLe macchine cifrate di Giovanni Fontana$9(OLS)http://semarc/title/281971 996 $6260$a[S.l.] :$bArcadia$9(OLS)http://semarc/publisher/47998